LIBRARY & INFORMATION CENTRE, KCAET, TAVANUR

ONLINE PUBLIC ACCESS CATALOGUE (OPAC)

Adhunika Bharanaghatanakal / (Record no. 6565)

MARC details
000 -LEADER
fixed length control field 00461cam a2200181ua 4500
041 ## - LANGUAGE CODE
Language code of text/sound track or separate title mal
082 ## - DEWEY DECIMAL CLASSIFICATION NUMBER
Classification number 342.02
Item number KAR/AD
100 ## - MAIN ENTRY--AUTHOR NAME
Personal name Karunakaran, K P .
245 ## - TITLE STATEMENT
Title Adhunika Bharanaghatanakal /
250 ## - EDITION STATEMENT
Edition statement 1 /
260 ## - PUBLICATION, DISTRIBUTION, ETC. (IMPRINT)
Place of publication Thiruvananthapuram :
Name of publisher Kerala Bhasha Institute ,
Year of publication 1970.
300 ## - PHYSICAL DESCRIPTION
Number of Pages 542 ; .
942 ## - ADDED ENTRY ELEMENTS (KOHA)
Koha item type Books
Holdings
Withdrawn status Lost status Damaged status Home library Current library Date acquired Full call number Accession Number Koha item type
      KAUAET KAUAET 07/04/2012 342.02 13034 Books
free website counter